| 000 | 01249cam a22002891i 4500 | ||
|---|---|---|---|
| 003 | SA-RiAUC | ||
| 005 | 20250505071516.0 | ||
| 008 | 250504s1998 su g 00000 ara c | ||
| 020 | _a9960918106 | ||
| 040 |
_aSA-MaUQU _bara _cSA-RiAUC _erda |
||
| 082 | 0 | 4 | _a235.1 |
| 090 |
_a235.1 _b س خ ا |
||
| 100 | 1 |
_aالسخاوي، محمد بن عبد الرحمن بن محمد، _d831-902 هجري _eمؤلف. |
|
| 245 | 1 | 0 |
_aعمدة القاري والسامع في ختم الصحيح الجامع / _cمحمد بن عبد الرحمن السخاوي ؛ تحقيق علي بن محمد العمران. |
| 250 | _aالطبعة الأولى. | ||
| 264 | 1 |
_aمكة المكرمة : _bدار عالم الفوائد، _c1998 |
|
| 300 |
_a120 صفحة ؛ _c24 سم |
||
| 336 |
_aنص _btxt _2rdacontent _3كتاب |
||
| 337 |
_aبدون وسيط _bn _2rdamedia |
||
| 338 |
_aمجلد _bnc _2rdacarrier |
||
| 650 | 7 |
_aصحيح البخاري _2aucsh |
|
| 700 | 1 |
_aالعمران، علي بن محمد، _d1390 هجري- _eمحقق. |
|
| 700 | 1 | 2 |
_aالبخاري، محمد بن إسماعيل بن إبراهيم، _d194-256 هجري |
| 740 | 0 | 2 | _aصحيح البخاري. |
| 942 |
_2ddc _cBOOK _n0 |
||
| 949 |
_aSA-JeALM _d250504 _umohamedma123 _n1 |
||
| 999 |
_c7601 _d7601 |
||